[Event "AUT-ch U12 Online Rapid"]
[Site "Playchess.com INT"]
[Date "2020.12.13"]
[Round "6"]
[White "Kienboeck, Samuel"]
[Black "Ramler, Rafael"]
[Result "1-0"]
[WhiteElo "1564"]
[BlackElo "1400"]
[PlyCount "109"]
[EventDate "2020.12.13"]
[EventType "swiss (rapid)"]
[EventRounds "7"]
[EventCountry "AUT"]
[SourceTitle "EXT 2022"]
[Source "ChessBase"]
[SourceDate "2021.10.06"]
[SourceVersion "1"]
[SourceVersionDate "2021.10.06"]
[SourceQuality "1"]

1. e4 c5 2. Nf3 Nc6 3. Nc3 g6 4. g3 Bg7 5. Bg2 e6 6. 0-0 Nge7 7. d3 d5 8. Bg5 0-0 9. exd5 exd5 10. Bxe7 Nxe7 11. Qd2 d4 12. Ne4 Bf5 13. Nxc5 Qb6 14. Nb3 Nd5 15. Nfxd4 Ne7 16. c3 Rad8 17. Nxf5 Nxf5 18. d4 Rd7 19. Bh3 Bh6 20. Qd3 Rd5 21. Rfe1 Rfd8 22. Rab1 Qa6 23. Qxa6 bxa6 24. Nc5 R8d6 25. Ne4 Re6 26. Nc5 Red6 27. Nb7 Rd7 28. Re8+ Kg7 29. Nc5 Rd8 30. Rxd8 Rxd8 31. Bxf5 gxf5 32. Nxa6 Rd6 33. Nb4 a5 34. Nd3 Re6 35. Kf1 Bd2 36. Rd1 Bg5 37. Re1 Rb6 38. Re5 Kf6 39. Rxa5 Rxb2 40. Nxb2 Bc1 41. Nd3 Bg5 42. Ra6+ Ke7 43. c4 Kd7 44. d5 Kc7 45. f4 Bf6 46. Rxf6 Kd7 47. Rxf7+ Ke8 48. Rxh7 Kd8 49. Ne5 Ke8 50. Rf7 Kd8 51. d6 Kc8 52. d7+ Kd8 53. Rf8+ Ke7 54. d8Q+ Ke6 55. Qf6# 1-0